| 000 | 02338nam a2200325Ia 4500 | ||
|---|---|---|---|
| 008 | 130821s1602 it a gr lat | ||
| 040 |
_aCo-BoUCM _bspa |
||
| 041 | 0 | _alat | |
| 092 | _aE17N035 | ||
| 100 | 1 |
_aBáñez, Domingo _d1528-1604 |
|
| 242 | 1 | 0 | _aComentarios escolásticos, en dos tomos, a toda la Primera Parte de la Suma del Doctor Angélico, Santo Tomás. El primero incluye la exposición sobre las primeras 64 Cuestiones. El tomo segundo tomo abarca la explicación de las restantes Cuestione |
| 245 | 1 | 0 | _aScholastica commentaria in universam primam partem Angelici Doctoris D. Thomae in duos tomos divisa. Quorum alter LXIIII quaestionum priorum expositionem continent; alter reliquarum quaestionum quae usque ad finem totius Primae Partis Summae hab |
| 246 | 1 | 3 | _aComentarios escolásticos, en dos tomos, a toda la Primera Parte de la Suma del Doctor Angélico, Santo Tomás. El primero incluye la exposición sobre las primeras 64 Cuestiones. El tomo segundo tomo abarca la explicación de las restantes Cuestione |
| 250 | _aSuma Diligentia nuper impressa [Recientemente impresa con sumo cuidado] | ||
| 260 |
_aVenetiis [Venencia] _bApud Petrum Mariam Bertanum [Pedro María Bertano.] _c1602 |
||
| 300 |
_a[36], 1484 col. _bilustraciones |
||
| 500 | _aDetalles físicos: Encuadernación en pergamino, manchado y roto en bordes y esquinas, gran deterioro en tapas. No conserva guardas; portada impresa a dos tintas, con un grabado (emblema del editor-impresor, enmarcada por un óvalo, la figura de un | ||
| 504 | _aIncluye índice. | ||
| 505 | 0 | _aV1: Naturaleza de la doctrina sagrada. ; Existencia de Dios. ; Simplicidad de Dios. ; Perfección de Dios. ; El bien en general. ; Bondad de Dios. ; Infinitud de Dios. ; Omnipresencia de Dios. ; Inmutabilidad de Dios. ; Eternidad de Dios. ; Unida | |
| 506 | _aConsulta en sala. | ||
| 520 | _aComentarios a la Suma Teológica, parte primera desde la cuestiones 1 a la 64. | ||
| 546 | _aTexto en latín | ||
| 600 |
_aTomás de Aquino _bSanto _d1225-1274 _vTeorías _vComentarios _9859 |
||
| 650 |
_aEscolasticismo _xObras anteriores a 1700 _914772 |
||
| 650 |
_aTeología _925230 |
||
| 650 |
_aTomismo _xObras anteriores a 1700 _925513 |
||
| 700 | 1 |
_aBertano, Pedro María _eimp. |
|
| 942 |
_cLIBRO _a2 _e1 _2DEWEY _h189.4 |
||
| 999 |
_c79138 _d79138 |
||